00693nam a2200241 a 4500001001300000003000900013005001700022008004100039020001000080082001600090100002900106245001900135260003600154300000900190500003500199505001000234650002900244700002900273902000800302942000700310952011700317999001700434nice12345678IN_TiNIC20260116013507.0050524s1999 laha grp 000 0 urd  ac20000a297.61bGHA aGhazanfar, Mahmood Ahmad aJarnail Sahaba aLahorebMaktaba Quddoosiac1999 a484p aincludes index and biblioraphy2 aNotes aIslam-Biography-Generals1 aGhazanfar, Mahmood Ahmad bSRS cBK 001040708StackRoom-aHMIbHMId2007-07-05g200.00l0o297.61 GHAp019499r2007-07-05v200.00w2005-05-24yBK c11198d11198